TOP 50 ATP Ranking 2023 - Statistics

General Stats
  • This quiz has been taken 122 times
    119 since last reset
  • The average score is 32 of 50
Answer Stats
# Hint Answer % Correct
2 Spain Carlos Alcaraz
100%
1 Serbia Novak Djoković
99%
6 Spain Rafael Nadal
98%
3 Greece Stefanos Tsitsipas
98%
4 Norway Casper Ruud
97%
12 Russia Daniil Medvedev
97%
9 Denmark Holger Rune
95%
5 Russia Andrey Rublev
93%
16 Germany Alexander Zverev
92%
8 USA Taylor Fritz
91%
10 Poland Hubert Hurkacz
90%
7 Canada Félix Auger-Aliassime
87%
17 Italy Jannik Sinner
84%
22 Italy Matteo Berrettini
83%
14 USA Frances Tiafoe
82%
11 Great Britain Cameron Norrie
80%
20 Australia Nick Kyrgios
79%
29 Bulgaria Grigor Dimitrov
77%
21 Croatia Marin Čilić
75%
13 Russia Karen Khachanov
74%
23 Croatia Borna Ćorić
72%
27 Canada Denis Shapovalov
71%
25 Australia Alex de Minaur
69%
18 Italy Lorenzo Musetti
67%
24 Spain Roberto Bautista Agut
67%
50 Kazakhstan Alexander Bublik
66%
40 Belgium David Goffin
64%
28 Argentina Diego Schwartzman
64%
15 Spain Pablo Carreño Busta
64%
19 USA Tommy Paul
61%
30 Great Britain Daniel Evans
59%
34 Japan Yoshihito Nishioka
55%
31 Argentina Francisco Cerúndolo
54%
39 USA John Isner
53%
45 France Richard Gasquet
52%
32 Spain Alejandro Davidovich Fokina
51%
41 USA Ben Shelton
47%
35 Netherlands Botic van de Zandschulp
43%
33 Serbia Miomir Kecmanović
43%
47 Argentina Sebastián Báez
43%
26 USA Sebastian Korda
43%
37 Czech Republic Jiří Lehečka
41%
38 Great Britain Jack Draper
39%
44 USA Reilly Opelka
37%
46 USA Brandon Nakashima
33%
43 USA Jeffrey John Wolf
26%
49 Switzerland Marc-Andrea Huesler
25%
42 France Benjamin Bonzi
24%
36 USA Jenson Brooksby
17%
48 France Constant Lestienne
7%
No matching quizzes found
Score Distribution
Percent of People with Each Score
Percentile by Number Answered
Your Score History
You have not taken this quiz since the last reset